000 00652nam a2200241Ia 4500
003 OSt
005 20221005100110.0
006 a|||||r|||| 00| 0
007 ta
008 221004b |||||||| |||| 00| 0 mar d
024 _a40148
037 _cTextual
040 _aCRL
_cCRL
_bmar
041 _2mar
_amar
082 _aO155:g, N3
100 _aLimbawa Saran kumar
_9620705
245 0 _aMarathi vagyamaytil naveen parvah
260 _aPune
_bMadhuraj publication India
300 _a179p.
_ccm.
650 _aMARATHI LITERATURE
_938000
942 _hO155:g, N3
_cTEXL
_2cc
999 _c1004654
_d1004654